| 000 | 00849nam a22002417a 4500 | ||
|---|---|---|---|
| 999 |
_c139749 _d139749 |
||
| 005 | 20221216104136.0 | ||
| 010 | _aENG-118113 ENG-135880 ENG-135883 | ||
| 020 |
_a9789386036537 _c699.00 |
||
| 035 | _aEN-101645 | ||
| 035 | _aEN-119412 | ||
| 035 | _aB-683133-137 | ||
| 035 | _aEN-119415 | ||
| 037 | _bDBAD/PUB | ||
| 037 |
_bAakar _adpl |
||
| 082 | _a954.035092 | ||
| 100 | _aAdhar, Neelima Dalmia | ||
| 245 |
_aThe secret diary of kasturba / _cby Neelima Dalmia Adhar |
||
| 260 |
_aNew Delhi _bTRANQUEBAR PRESS _c2016 |
||
| 270 | _a93, I Floor, Sham Lal Road, Daryaganj, New Delhi | ||
| 300 |
_a359p. _c24cm(Hb) |
||
| 942 |
_2ddc _cEN _h954.035092 _mADH |
||